00485nam a2200121Ia 4500008004100000082001400041100002500055245007900080260004000159365000600199630007900205730007900284100415s9999 xx 000 0 und d b8799a770 aCruickshank Allan D aHunting with the Camera : A Guide to Techniques and Adventure in the Field aNEW YORKc1957bHARPER AND BROTHERS b0 aHunting with the Camera : A Guide to Techniques and Adventure in the Field aHunting with the Camera : A Guide to Techniques and Adventure in the Field